00560nam a2200193 i 4500001000700000003000900007005001700016008004100033020001800074245007000092250001200162260003200174300002200206490001700228650005000245700003200295830001700327852002200344185838ES-MaACL20250905131225.0160816s1984 sp |||| | spa d a84-7222-167-900aTeatro europeo de los años 80 / cAngel Berenguer ... [et al.]. a1ª ed. aBarcelona : bLaia, c1984. a197 p. ; c20 cm.1 aDivergencias 4aTeatro europeo-yS.XX-xHistoria y crítica.1 aBerenguer, Ángel, d1943-0 aDivergencias aES-MaACLjL-11272